[Event "chess.com SpeedChess Q2KO"]
[Site "chess.com INT"]
[Date "2022.11.13"]
[Round "1.11"]
[White "Dubov, Daniil"]
[Black "Naroditsky, Daniel"]
[Result "1-0"]
[WhiteTitle "GM"]
[BlackTitle "GM"]
[WhiteElo "2708"]
[BlackElo "2617"]
[WhiteFideId "24126055"]
[BlackFideId "2026961"]
[EventDate "2022.11.13"]
[EventType "k.o."]

1. d4 Nf6 2. Nf3 g6 3. c4 Bg7 4. Nc3 h6 5. e4 d6 6. Be2 O-O 7. O-O e5 8. Re1
Nbd7 9. Bf1 exd4 10. Nxd4 Re8 11. f3 c6 12. Be3 Nc5 13. Bf2 Nh5 14. Qd2 a5 15.
Rad1 Qe7 16. Be3 Kh7 17. Nde2 Na6 18. Qxd6 Qxd6 19. Rxd6 Nb4 20. Rc1 Be6 21. b3
Rad8 22. Rxd8 Rxd8 23. a3 Na6 24. Rd1 Rxd1 25. Nxd1 a4 26. bxa4 Bxc4 27. Kf2 Bf8
28. Bc1 Nc5 29. Nec3 Bxf1 30. Kxf1 Nd3 31. Be3 Bxa3 32. g3 Ng7 33. Ke2 Nc5 34.
Nf2 Nge6 35. Nd3 Nxd3 36. Kxd3 Kg7 37. Kc4 h5 38. Bb6 Kf6 39. Nb1 Bd6 40. Nd2
Ke7 41. f4 f6 42. Nf3 Kd7 43. Nh4 g5 44. fxg5 fxg5 45. Nf5 Be5 46. Be3 g4 47.
Nh4 Bd6 48. Ng6 Nc7 49. a5 Ke6 50. Nf4+ Bxf4 51. gxf4 h4 52. Bd4 g3 53. f5+ Kf7
54. hxg3 hxg3 55. Kd3 g2 56. Ke2 Nb5 57. Be3 Nd6 58. Kf3 Nc4 59. Bf2 Nxa5 60.
Kxg2 Nc4 61. Kf3 b5 62. Bc5 Ne5+ 63. Ke3 Nd7 64. Bd6 c5 65. e5 Nb6 66. Bxc5 Nc4+
67. Ke4 Nd2+ 68. Kd5 Nf3 69. Bd4 b4 70. e6+ Ke8 71. f6 Ng5 72. Be3 b3 73. Bxg5
b2 74. f7+ Kf8 75. Bh6+ 1-0

[Event "chess.com SpeedChess Q2KO"]
[Site "chess.com INT"]
[Date "2022.11.13"]
[Round "1.11"]
[White "Duda, Jan-Krzysztof"]
[Black "Grischuk, Alexander"]
[Result "1-0"]
[WhiteTitle "GM"]
[BlackTitle "GM"]
[WhiteElo "2731"]
[BlackElo "2745"]
[WhiteFideId "1170546"]
[BlackFideId "4126025"]
[EventDate "2022.11.13"]
[EventType "k.o."]

1. d4 Nf6 2. Nf3 d5 3. Bf4 c5 4. e3 Nc6 5. c3 Qb6 6. Qc2 cxd4 7. exd4 Bf5 8. Qb3
Nd7 9. Na3 a6 10. Be2 e6 11. Nh4 Be4 12. f3 Bg6 13. Nxg6 hxg6 14. Nc2 Be7 15.
Ne3 Rc8 16. Bg3 Na5 17. Qc2 Qc6 18. a4 Bd6 19. Bf2 Qc7 20. g3 Nb6 21. O-O Nac4
22. Ng2 Nd7 23. Bd3 Nf6 24. Qe2 O-O 25. Ra2 e5 26. dxe5 Nxe5 27. Bc2 Bc5 28. Kh1
Bxf2 29. Qxf2 Rfd8 30. Rd1 Qc4 31. Raa1 d4 32. cxd4 Nxf3 33. Ne3 Qc6 34. d5 Nxd5
35. Be4 Nxe3 36. Rxd8+ Rxd8 37. Bxc6 1-0

[Event "chess.com SpeedChess Q2KO"]
[Site "chess.com INT"]
[Date "2022.11.13"]
[Round "1.11"]
[White "Salem, A.R. Saleh"]
[Black "Xiong, Jeffery"]
[Result "1-0"]
[WhiteTitle "GM"]
[BlackTitle "GM"]
[WhiteElo "2677"]
[BlackElo "2692"]
[WhiteFideId "9301348"]
[BlackFideId "2047640"]
[EventDate "2022.11.13"]
[EventType "k.o."]

1. d4 d5 2. c4 dxc4 3. Nf3 a6 4. Nc3 b5 5. e4 e6 6. a4 b4 7. Ne2 Bb7 8. Ng3 Nf6
9. e5 Nd5 10. Bxc4 a5 11. O-O Nd7 12. h4 N5b6 13. Bb5 Be7 14. h5 h6 15. Be3 Bd5
16. Rc1 Qc8 17. Nd2 Qb7 18. f3 f5 19. Qc2 Rc8 20. Nge4 O-O 21. Nc5 Nxc5 22. dxc5
c6 23. Be2 f4 24. Bf2 b3 25. Nxb3 Nxa4 26. Nxa5 Qxb2 27. Qxb2 Nxb2 28. Nb7 Rb8
29. Nd6 Rb3 30. Ra1 Nd3 31. Ra7 Bxd6 32. exd6 Nxf2 33. Kxf2 Rc3 34. Rb1 Rb3 35.
Rxb3 Bxb3 36. Ba6 e5 37. Re7 Bd5 38. d7 Bf7 39. Bc8 Rd8 40. Rxe5 Kf8 41. Re4 Bd5
42. Rxf4+ Ke7 43. Rg4 Kf6 44. Rg6+ Kf7 45. g4 Be6 46. Kg3 Bxd7 47. Bxd7 Rxd7 48.
Rxc6 Rd4 49. Rd6 Rc4 50. c6 Ke7 51. Rd7+ Kf6 52. c7 Rc1 53. Kf4 Rc4+ 54. Ke3
Rc3+ 55. Kd4 Rc1 56. Kd5 Rxc7 57. Rxc7 1-0

[Event "chess.com SpeedChess Q2KO"]
[Site "chess.com INT"]
[Date "2022.11.13"]
[Round "1.12"]
[White "Grischuk, Alexander"]
[Black "Duda, Jan-Krzysztof"]
[Result "0-1"]
[WhiteTitle "GM"]
[BlackTitle "GM"]
[WhiteElo "2745"]
[BlackElo "2731"]
[WhiteFideId "4126025"]
[BlackFideId "1170546"]
[EventDate "2022.11.13"]
[EventType "k.o."]

1. Nf3 d5 2. g3 Nc6 3. d4 Bf5 4. Bg2 e6 5. O-O Nb4 6. c4 Nc2 7. Nh4 Nxa1 8. Nxf5
exf5 9. cxd5 Bd6 10. Nc3 Nf6 11. Qd3 g6 12. Bh6 Ng4 13. Bd2 h5 14. e4 fxe4 15.
Nxe4 O-O 16. Rxa1 Re8 17. Rc1 Nf6 18. Bg5 Be7 19. Nxf6+ Bxf6 20. Bf4 Rc8 21. h4
g5 22. hxg5 Bxg5 23. Be5 Bxc1 24. Qf5 Qg5 25. Qh3 Qg4 0-1

[Event "chess.com SpeedChess Q2KO"]
[Site "chess.com INT"]
[Date "2022.11.13"]
[Round "1.12"]
[White "Naroditsky, Daniel"]
[Black "Dubov, Daniil"]
[Result "1/2-1/2"]
[WhiteTitle "GM"]
[BlackTitle "GM"]
[WhiteElo "2617"]
[BlackElo "2708"]
[WhiteFideId "2026961"]
[BlackFideId "24126055"]
[EventDate "2022.11.13"]
[EventType "k.o."]

1. e4 d6 2. d4 g6 3. Nc3 Bg7 4. Nf3 Nf6 5. Be2 O-O 6. O-O Nc6 7. h3 a6 8. a4 b6
9. Be3 Bb7 10. d5 Na7 11. Qd2 c6 12. Rad1 cxd5 13. exd5 Re8 14. Bh6 Rc8 15. Bxg7
Kxg7 16. Rfe1 Rc5 17. Bf1 Qc7 18. Nd4 Nxd5 19. Ne4 Ra5 20. Ng5 e5 21. Nb3 Rxa4
22. c4 Nf6 23. Qxd6 Qxd6 24. Rxd6 Rb4 25. Re3 Nc8 26. Rd2 a5 27. Nc1 Ra4 28. c5
Ra1 29. Rc2 bxc5 30. Rxc5 Nd6 31. Ra3 Rxa3 32. bxa3 Rc8 33. Rxc8 Bxc8 34. Nb3
Nb7 35. Nf3 Be6 36. Nbd2 Nd7 37. Bb5 f6 38. Ne4 Ndc5 39. Nc3 Nd6 40. Bc6 Kf7 41.
Nd2 Nc4 42. Nxc4 Bxc4 43. f3 Ke6 44. Kf2 Kd6 45. Be8 Nd3+ 46. Ke3 Nf4 47. Kf2 f5
48. h4 Nd5 49. Nb1 Bd3 50. Nd2 Kc5 51. Nb3+ Kb6 52. Bf7 Nc3 53. Bg8 h6 54. Ke3
Bc2 55. Nc1 Bb1 56. Kd2 Nb5 57. Bh7 g5 58. hxg5 hxg5 59. a4 Nd6 60. g4 e4 61.
gxf5 exf3 62. Ke3 g4 63. Nd3 Bxd3 64. Kxd3 Kc5 65. Ke3 Kd5 66. f6 Ke6 67. Kf4 f2
68. Bd3 Kxf6 69. Kxg4 Ne4 70. Kf3 Nc3 71. Kxf2 Nxa4 72. Ke3 Ke5 73. Kd2 Kd4 74.
Kc2 Nb6 75. Bb5 Kc5 76. Be8 Kb4 77. Kb2 Nc4+ 78. Ka2 Nd6 79. Bd7 Ne4 80. Be8
Nc3+ 81. Kb2 Nd5 82. Bd7 Nc7 83. Ka2 Na6 84. Be8 Nc5 85. Kb2 Nd3+ 86. Ka2 Ne5
87. Kb2 Nf3 88. Ka2 Nd4 89. Kb2 Nb3 90. Ka2 Nd2 91. Kb2 Nc4+ 92. Ka2 Nd6 93. Bd7
Kc5 94. Kb3 Kb6 95. Ka2 Ne4 96. Kb2 Kc5 97. Be8 Kb4 98. Bd7 Nf6 99. Bc6 Kc5 100.
Ba4 Nd5 101. Be8 Nc7 102. Bd7 Nb5 103. Bxb5 a4 104. Bxa4 1/2-1/2

[Event "chess.com SpeedChess Q2KO"]
[Site "chess.com INT"]
[Date "2022.11.13"]
[Round "1.12"]
[White "Xiong, Jeffery"]
[Black "Salem, A.R. Saleh"]
[Result "1-0"]
[WhiteTitle "GM"]
[BlackTitle "GM"]
[WhiteElo "2692"]
[BlackElo "2677"]
[WhiteFideId "2047640"]
[BlackFideId "9301348"]
[EventDate "2022.11.13"]
[EventType "k.o."]

1. d4 Nf6 2. Nf3 g6 3. Nbd2 Bg7 4. e4 O-O 5. Bd3 d6 6. O-O Nc6 7. c3 e5 8. dxe5
Nxe5 9. Nxe5 dxe5 10. Nc4 Nh5 11. g3 Qe7 12. Qe2 Rd8 13. Be3 Bh3 14. Rfd1 a5 15.
a4 Nf6 16. f3 Ne8 17. Bf2 Be6 18. Ne3 h5 19. Bc4 c6 20. Bxe6 Qxe6 21. Qc4 Qf6
22. Qe2 Nd6 23. Kg2 Qe6 24. Rd3 Rd7 25. Rad1 Rad8 26. b4 axb4 27. cxb4 Bh6 28.
Qc2 Bxe3 29. Bxe3 Nc4 30. Bg5 Rxd3 31. Rxd3 Rd4 32. Qc3 Rxd3 33. Qxd3 Nd6 34.
Bd2 Nc4 35. Bc3 Nd6 36. Kg1 f6 37. b5 cxb5 38. axb5 Qc4 39. Qxd6 Qxc3 40. Qb8+
Kg7 41. Qxb7+ Kh6 42. Qb6 Qe1+ 43. Kg2 Qe2+ 44. Kg1 Qe1+ 45. Kg2 Qe2+ 46. Kg1 1-0

[Event "chess.com SpeedChess Q2KO"]
[Site "chess.com INT"]
[Date "2022.11.13"]
[Round "1.13"]
[White "Dubov, Daniil"]
[Black "Naroditsky, Daniel"]
[Result "0-1"]
[WhiteTitle "GM"]
[BlackTitle "GM"]
[WhiteElo "2708"]
[BlackElo "2617"]
[WhiteFideId "24126055"]
[BlackFideId "2026961"]
[EventDate "2022.11.13"]
[EventType "k.o."]

1. d4 Nf6 2. Nf3 d6 3. c4 Nbd7 4. Nc3 e5 5. g3 Be7 6. Bg2 c6 7. O-O O-O 8. e4
Re8 9. Re1 a6 10. h3 b5 11. Be3 Bb7 12. Qc2 Qc7 13. Rac1 Rac8 14. Nh4 Bf8 15.
cxb5 cxb5 16. Qd2 Qb8 17. a3 Nb6 18. b3 Nbd7 19. Nf5 Qa8 20. Bg5 d5 21. dxe5
Rxe5 22. Bf4 Rxf5 23. exf5 Bxa3 24. Rc2 Bb4 25. Rec1 Nc5 26. Qd4 Ba3 27. Rb1
Ncd7 28. Qd1 Bb4 29. Ne2 Re8 30. Nd4 Nc5 31. Rbc1 Nce4 32. g4 h6 33. h4 h5 34.
g5 Ng4 35. Rc7 Nexf2 36. Qf3 Ba5 37. Rd7 Bc8 38. Rxd5 Bb7 39. g6 Nf6 40. gxf7+
Kxf7 41. Rd7+ Nxd7 42. Qxh5+ Kg8 43. Bxb7 Nh3+ 44. Kh2 Nxf4 45. Qf3 Qb8 46. Kh1
Ne5 0-1

[Event "chess.com SpeedChess Q2KO"]
[Site "chess.com INT"]
[Date "2022.11.13"]
[Round "1.13"]
[White "Duda, Jan-Krzysztof"]
[Black "Grischuk, Alexander"]
[Result "1-0"]
[WhiteTitle "GM"]
[BlackTitle "GM"]
[WhiteElo "2731"]
[BlackElo "2745"]
[WhiteFideId "1170546"]
[BlackFideId "4126025"]
[EventDate "2022.11.13"]
[EventType "k.o."]

1. d4 Nf6 2. Bf4 d5 3. e3 c5 4. c3 Nc6 5. Nd2 Bf5 6. Ngf3 e6 7. Nh4 Bg4 8. Qb3
Qc8 9. h3 Bh5 10. g4 Bg6 11. Nxg6 hxg6 12. Bg2 Qd7 13. Rd1 Bd6 14. Bxd6 Qxd6 15.
Qxb7 Rb8 16. Nc4 Qd7 17. Qxd7+ Nxd7 18. Rd2 Ke7 19. Na3 Rhc8 20. Kd1 Nb6 21. b3
Nd7 22. Kc2 a5 23. Rc1 a4 24. Rb1 axb3+ 25. axb3 Ra8 26. Nb5 Rcb8 27. Bf1 Ra5
28. c4 Nf6 29. f3 Ra2+ 30. Kc3 Rxd2 31. Kxd2 cxd4 32. exd4 dxc4 33. Bxc4 Ne8 34.
Kc3 Nd6 35. Nxd6 Kxd6 36. b4 Ne7 37. b5 Nc8 38. Ra1 Nb6 39. Ra6 Rb7 40. Bd3 Ke7
41. Be4 Rb8 42. Ra7+ Kf8 43. g5 Nc8 44. Ra5 Nd6 45. Bc6 Nf5 46. Kc4 f6 47. Kc5
fxg5 48. b6 Ke7 49. b7 Nd6 50. Ra7 1-0

[Event "chess.com SpeedChess Q2KO"]
[Site "chess.com INT"]
[Date "2022.11.13"]
[Round "1.13"]
[White "Salem, A.R. Saleh"]
[Black "Xiong, Jeffery"]
[Result "1-0"]
[WhiteTitle "GM"]
[BlackTitle "GM"]
[WhiteElo "2677"]
[BlackElo "2692"]
[WhiteFideId "9301348"]
[BlackFideId "2047640"]
[EventDate "2022.11.13"]
[EventType "k.o."]

1. d4 Nf6 2. c4 e6 3. Nc3 Bb4 4. a3 Bxc3+ 5. bxc3 c5 6. f3 Nc6 7. e4 d6 8. d5
Na5 9. Bd3 b6 10. Ne2 Nd7 11. f4 Ba6 12. dxe6 fxe6 13. O-O O-O 14. f5 Ne5 15.
Nf4 exf5 16. Ne6 Qd7 17. Nxf8 Rxf8 18. Be2 Bxc4 19. Bxc4+ Naxc4 20. exf5 Rxf5
21. Qd5+ Qf7 22. Qa8+ Qf8 23. Qxf8+ Rxf8 24. Rxf8+ Kxf8 25. Bf4 Nd3 26. Bg3 Ke7
27. a4 Ndb2 28. Kf1 Kd7 29. Ke2 Kc6 30. h4 d5 31. Bf2 a5 32. h5 b5 33. axb5+
Kxb5 34. g4 a4 35. g5 a3 36. g6 hxg6 37. hxg6 Ka4 38. Bxc5 Kb3 39. Bd4 Nd6 40.
Bxg7 Nf5 41. Bf8 a2 42. Kf3 Nd3 43. Kg4 Ne3+ 44. Kg5 Ne5 45. g7 Nf7+ 46. Kh5 Ng4
47. Kxg4 Kb2 48. Rxa2+ Kxa2 49. Kf5 Nh6+ 50. Kg6 Ng8 51. Kh7 Nf6+ 52. Kh8 Kb3
53. Be7 d4 54. cxd4 1-0

[Event "chess.com SpeedChess Q2KO"]
[Site "chess.com INT"]
[Date "2022.11.13"]
[Round "1.14"]
[White "Grischuk, Alexander"]
[Black "Duda, Jan-Krzysztof"]
[Result "1-0"]
[WhiteTitle "GM"]
[BlackTitle "GM"]
[WhiteElo "2745"]
[BlackElo "2731"]
[WhiteFideId "4126025"]
[BlackFideId "1170546"]
[EventDate "2022.11.13"]
[EventType "k.o."]

1. Nf3 d5 2. d4 Nf6 3. c4 e6 4. Nc3 c6 5. Bg5 h6 6. Bh4 Nbd7 7. e3 g5 8. Bg3 Nh5
9. Qc2 Nxg3 10. hxg3 Bg7 11. O-O-O a6 12. Kb1 b5 13. c5 O-O 14. e4 g4 15. Nh2
Qg5 16. f4 gxf3 17. Nxf3 Qxg3 18. e5 f5 19. Bd3 Qg6 20. Ne2 Qe8 21. Nf4 Rf7 22.
Rdg1 Nf8 23. g4 fxg4 24. Rxg4 Raa7 25. Rxh6 Rxf4 26. Rxf4 Bxh6 27. Rh4 Bg7 28.
Ng5 Qd8 29. Bh7+ Kh8 30. Bd3+ Kg8 31. Bh7+ Kh8 32. Bd3+ Bh6 33. Rxh6+ Kg7 34.
Rh5 Qe8 35. Qh2 Rf7 36. Nxf7 Kxf7 37. Qh4 Qe7 38. Qxe7+ Kxe7 39. Rg5 Kf7 40. b4
Bd7 41. Kc2 Be8 42. Kd2 Ke7 43. Rg7+ Bf7 44. Ke3 Ke8 45. Kf4 Ke7 46. Kg5 Ke8 47.
Kf6 Nd7+ 48. Kg5 Kf8 49. Rh7 Kg8 50. Rh2 Kg7 51. Rh7+ Kg8 52. Rh2 Kg7 53. Rh7+
Kf8 54. Rh8+ Ke7 55. Rh7 Nf8 56. Rh8 Be8 57. Rh6 Kf7 58. a3 Kg7 59. Rf6 Bf7 60.
Rh6 Bg8 61. Rh2 Bf7 62. Rh4 Bg6 63. Bxg6 Nxg6 64. Rh6 Nf8 65. Rh2 Nd7 66. Rh6
Nf8 67. Rh2 Ng6 68. Rf2 Nh8 69. Rf6 Nf7+ 70. Rxf7+ Kxf7 71. Kh6 Kf8 72. Kg6 Ke8
73. Kf6 Kd7 74. Kf7 1-0

[Event "chess.com SpeedChess Q2KO"]
[Site "chess.com INT"]
[Date "2022.11.13"]
[Round "1.14"]
[White "Naroditsky, Daniel"]
[Black "Dubov, Daniil"]
[Result "1-0"]
[WhiteTitle "GM"]
[BlackTitle "GM"]
[WhiteElo "2617"]
[BlackElo "2708"]
[WhiteFideId "2026961"]
[BlackFideId "24126055"]
[EventDate "2022.11.13"]
[EventType "k.o."]

1. e4 d6 2. d4 g6 3. Nc3 Bg7 4. Nf3 Nf6 5. Be2 O-O 6. O-O a6 7. a4 Nc6 8. d5 Na7
9. Be3 Re8 10. h3 b6 11. Re1 Bb7 12. Qd2 c6 13. Bc4 cxd5 14. exd5 Qc7 15. Bb3
Nd7 16. Bd4 Nc5 17. Bxg7 Kxg7 18. Ba2 Rac8 19. Re3 b5 20. axb5 Nxb5 21. Nxb5
axb5 22. Nd4 Qd7 23. b4 Na4 24. Bb3 Nb6 25. Ne2 Kg8 26. Qd4 Nc4 27. Rc3 Qf5 28.
Nf4 Ne5 29. Re3 Qf6 30. Rd1 Rc7 31. Ne2 Rec8 32. Ng3 Nd7 33. Qd3 Rc3 34. Ne4
Rxd3 35. Nxf6+ Nxf6 36. Rdxd3 Kf8 37. Rd1 Ra8 38. Rc3 Ne8 39. f3 Ra3 40. Kf2 g5
41. Ke3 f5 42. Kd4 Kf7 43. Re1 Ra7 44. Rce3 Bc8 45. Rc3 Bd7 46. Rce3 Bc8 47. Rc3
Nc7 48. Rce3 Na6 49. Ra1 Rc7 50. c3 f4 51. Re2 Nb8 52. Kd3 Nd7 53. Rae1 Ne5+ 54.
Rxe5 dxe5 55. d6+ 1-0

[Event "chess.com SpeedChess Q2KO"]
[Site "chess.com INT"]
[Date "2022.11.13"]
[Round "1.14"]
[White "Xiong, Jeffery"]
[Black "Salem, A.R. Saleh"]
[Result "1-0"]
[WhiteTitle "GM"]
[BlackTitle "GM"]
[WhiteElo "2692"]
[BlackElo "2677"]
[WhiteFideId "2047640"]
[BlackFideId "9301348"]
[EventDate "2022.11.13"]
[EventType "k.o."]

1. d4 Nf6 2. c4 g6 3. Nc3 Bg7 4. e4 O-O 5. Be2 d6 6. Be3 Nc6 7. d5 Ne5 8. f4
Neg4 9. Bd2 Nh6 10. h3 e6 11. Nf3 exd5 12. cxd5 Re8 13. Qc2 c6 14. dxc6 bxc6 15.
g4 d5 16. e5 Ne4 17. Nxe4 dxe4 18. Qxe4 Rb8 19. Bc3 Be6 20. Qe3 Bd5 21. O-O Qc8
22. Qf2 Rf8 23. Ng5 f6 24. exf6 Bxf6 25. Qh4 Bg7 26. Rae1 Qc7 27. Bxg7 Qxg7 28.
b3 Rb4 29. Bc4 Bxc4 30. bxc4 Qd4+ 31. Kh1 1-0

[Event "chess.com SpeedChess Q2KO"]
[Site "chess.com INT"]
[Date "2022.11.13"]
[Round "1.15"]
[White "Salem, A.R. Saleh"]
[Black "Xiong, Jeffery"]
[Result "1/2-1/2"]
[WhiteTitle "GM"]
[BlackTitle "GM"]
[WhiteElo "2677"]
[BlackElo "2692"]
[WhiteFideId "9301348"]
[BlackFideId "2047640"]
[EventDate "2022.11.13"]
[EventType "k.o."]

1. d4 Nf6 2. c4 e6 3. Nc3 Bb4 4. e3 O-O 5. Bd3 d5 6. Nf3 dxc4 7. Bxc4 c5 8. O-O
Nc6 9. Bd3 cxd4 10. exd4 Be7 11. a3 b6 12. Re1 Bb7 13. Bc2 Na5 14. Ne5 Nc6 15.
Nf3 Na5 16. Ne5 Nc6 17. Nf3 1/2-1/2

[Event "chess.com SpeedChess Q2KO"]
[Site "chess.com INT"]
[Date "2022.11.13"]
[Round "1.16"]
[White "Xiong, Jeffery"]
[Black "Salem, A.R. Saleh"]
[Result "1-0"]
[WhiteTitle "GM"]
[BlackTitle "GM"]
[WhiteElo "2692"]
[BlackElo "2677"]
[WhiteFideId "2047640"]
[BlackFideId "9301348"]
[EventDate "2022.11.13"]
[EventType "k.o."]

1. d4 Nf6 2. c4 g6 3. Nc3 Bg7 4. e4 O-O 5. Be2 d6 6. Be3 Nc6 7. d5 Ne5 8. f4
Neg4 9. Bd2 Nh6 10. h3 e6 11. Nf3 exd5 12. cxd5 Re8 13. Qc2 Qe7 14. e5 dxe5 15.
fxe5 Nd7 16. Bg5 Qc5 17. Qd2 Nf5 18. Ne4 Qb6 19. e6 fxe6 20. g4 Nd6 21. Nxd6
Qxd6 22. dxe6 Qxd2+ 23. Kxd2 Nc5 24. e7 Ne4+ 25. Kc2 Nxg5 26. Nxg5 Bf6 27. Bc4+
Kg7 28. Ne4 Be5 29. Rhd1 Rxe7 30. Rd8 Rb8 31. Rg8+ Kh6 32. Be2 g5 33. Rf1 c6 34.
Rff8 Bd7 35. Rxb8 Bxb8 36. Bd3 Bf4 37. Nc5 b6 38. Nxd7 Rxd7 39. Re8 Kg7 40. Re6
Rc7 41. b4 c5 42. b5 c4 43. Be4 c3 44. Bc6 Bd2 45. Re5 Rf7 46. Bd5 Rf2 47. Re7+ 1-0

[Event "chess.com SpeedChess Q2KO"]
[Site "chess.com INT"]
[Date "2022.11.13"]
[Round "2.1"]
[White "Artemiev, Vladislav"]
[Black "Naroditsky, Daniel"]
[Result "1/2-1/2"]
[WhiteTitle "GM"]
[BlackTitle "GM"]
[WhiteElo "2701"]
[BlackElo "2617"]
[WhiteFideId "24101605"]
[BlackFideId "2026961"]
[EventDate "2022.11.13"]
[EventType "k.o."]

1. d4 Nf6 2. Nf3 g6 3. g3 Bg7 4. Bg2 O-O 5. O-O d6 6. Nc3 d5 7. Re1 Bf5 8. Nh4
Be6 9. e4 dxe4 10. Nxe4 Nxe4 11. Bxe4 c6 12. c3 Nd7 13. d5 cxd5 14. Bxd5 Nc5 15.
Bxe6 Nxe6 16. Be3 Qc7 17. Qa4 b6 18. Rad1 Rad8 19. Qe4 Bf6 20. Nf3 Nc5 21. Bxc5
Qxc5 22. a4 Qc7 23. Kg2 Rxd1 24. Rxd1 Rd8 25. Rxd8+ Qxd8 26. Qb7 a5 27. Qc6 Qd6
28. Qxd6 exd6 29. Kf1 Kf8 30. Ke2 Ke7 31. Kd3 d5 32. Nd4 Kd6 33. Nb5+ Kc5 34. g4
Be5 35. h3 h6 36. f3 h5 37. gxh5 gxh5 38. Na3 Bf6 39. Nc2 Be5 40. b3 Bf6 41. b4+
Kd6 42. bxa5 bxa5 43. Nd4 Bxd4 44. Kxd4 f5 45. f4 h4 46. c4 dxc4 47. Kxc4 Kc6
48. Kd4 Kd6 49. Kc4 Kc6 50. Kd4 Kd6 51. Kc4 1/2-1/2

[Event "chess.com SpeedChess Q2KO"]
[Site "chess.com INT"]
[Date "2022.11.13"]
[Round "2.1"]
[White "Xiong, Jeffery"]
[Black "Grischuk, Alexander"]
[Result "1-0"]
[WhiteTitle "GM"]
[BlackTitle "GM"]
[WhiteElo "2692"]
[BlackElo "2745"]
[WhiteFideId "2047640"]
[BlackFideId "4126025"]
[EventDate "2022.11.13"]
[EventType "k.o."]

1. d4 Nf6 2. c4 e6 3. Nc3 Bb4 4. Nf3 O-O 5. Bg5 d5 6. e3 h6 7. Bh4 c5 8. cxd5
exd5 9. dxc5 Nbd7 10. Rc1 Qa5 11. Bd3 Ne4 12. O-O Bxc3 13. bxc3 Ndxc5 14. Bb1
Be6 15. Nd4 Rac8 16. c4 dxc4 17. Nxe6 fxe6 18. Be7 Nd2 19. Bxf8 Rxf8 20. Re1 Nd3
21. Bxd3 cxd3 22. Qg4 Nf3+ 23. gxf3 d2 24. Qxe6+ Kh7 25. Qe4+ Kh8 26. Red1
dxc1=Q 27. Rxc1 Qxa2 28. Qxb7 a5 29. Qe4 a4 30. Rc7 Qa1+ 31. Kg2 a3 32. Ra7 Qb2
33. f4 a2 34. Qe5 Rb8 35. Rxa2 Qxa2 36. Qxb8+ Kh7 37. Qb7 Kh8 38. Qc8+ Kh7 39.
Qf5+ Kh8 40. h4 Qc4 41. h5 Qe2 42. Kg3 Qd1 43. Qh3 Qg1+ 44. Qg2 Qd1 45. Qf3 Qg1+
46. Kh3 Qf1+ 47. Kh2 Qe1 48. f5 Qc3 49. f6 gxf6 50. Qa8+ Kg7 51. Qg2+ Kh8 52.
Qg6 Qe5+ 53. Kg2 Qd5+ 54. e4 Qg5+ 55. Qxg5 fxg5 56. f4 Kg7 57. fxg5 1-0

[Event "chess.com SpeedChess Q2KO"]
[Site "chess.com INT"]
[Date "2022.11.13"]
[Round "2.2"]
[White "Grischuk, Alexander"]
[Black "Xiong, Jeffery"]
[Result "1-0"]
[WhiteTitle "GM"]
[BlackTitle "GM"]
[WhiteElo "2745"]
[BlackElo "2692"]
[WhiteFideId "4126025"]
[BlackFideId "2047640"]
[EventDate "2022.11.13"]
[EventType "k.o."]

1. Nf3 Nf6 2. g3 d5 3. Bg2 c5 4. O-O g6 5. c4 Bg7 6. cxd5 Nxd5 7. Nc3 O-O 8.
Nxd5 Qxd5 9. d3 Nc6 10. Be3 Bd7 11. Nd4 Qd6 12. Nxc6 Bxc6 13. Bxc6 Qxc6 14. Rc1
Qe6 15. Rxc5 Qxa2 16. Rb5 b6 17. Qb3 Qxb3 18. Rxb3 Rfc8 19. Ra1 f5 20. Kf1 Kf7
21. Ra6 Rc2 22. Rb4 Rb8 23. Rxa7 Rxb2 24. Rxb2 Bxb2 25. Bf4 Rc8 26. Rb7 Bd4 27.
e3 Bf6 28. Rxb6 g5 29. Bb8 g4 30. d4 h5 31. Kg2 h4 32. gxh4 Bxh4 33. Bg3 Bf6 34.
h3 gxh3+ 35. Kxh3 Rc2 36. Kg2 Rc3 37. Rb4 Ra3 38. Kf3 Ra7 39. Rb5 e6 40. Bd6 Rd7
41. Bf4 Kg6 42. Rb6 Kf7 43. Ra6 Bg7 44. Bd6 Bf6 45. Ke2 Bg7 46. f4 Rb7 47. Kf3
Bf6 48. Bc5 Bh4 49. Bb6 Ke7 50. Ke2 Kd7 51. Kd3 Bf2 52. e4 fxe4+ 53. Kxe4 Bh4
54. Bc5 Rb1 55. Rd6+ Ke8 56. Rxe6+ Kf7 57. Rh6 Bf6 58. Kf5 Bg7 59. Rb6 Rd1 60.
Rb7+ Kg8 61. Rd7 Re1 62. d5 Bc3 63. Bd6 Re8 64. Be5 Bb4 65. d6 1-0

[Event "chess.com SpeedChess Q2KO"]
[Site "chess.com INT"]
[Date "2022.11.13"]
[Round "2.2"]
[White "Naroditsky, Daniel"]
[Black "Artemiev, Vladislav"]
[Result "1/2-1/2"]
[WhiteTitle "GM"]
[BlackTitle "GM"]
[WhiteElo "2617"]
[BlackElo "2701"]
[WhiteFideId "2026961"]
[BlackFideId "24101605"]
[EventDate "2022.11.13"]
[EventType "k.o."]

1. e4 e5 2. Nf3 Nc6 3. Bb5 a6 4. Ba4 Nf6 5. O-O Be7 6. d3 b5 7. Bb3 O-O 8. a3 d6
9. Nc3 Rb8 10. Nd5 Nxd5 11. Bxd5 Qe8 12. Be3 Bd8 13. h3 Ne7 14. Bb3 Ng6 15. Ng5
Bxg5 16. Bxg5 Be6 17. Be3 f5 18. exf5 Rxf5 19. d4 e4 20. d5 Bd7 21. c3 Qe7 22.
Bc2 Nh4 1/2-1/2

[Event "chess.com SpeedChess Q2KO"]
[Site "chess.com INT"]
[Date "2022.11.13"]
[Round "2.3"]
[White "Artemiev, Vladislav"]
[Black "Naroditsky, Daniel"]
[Result "1/2-1/2"]
[WhiteTitle "GM"]
[BlackTitle "GM"]
[WhiteElo "2701"]
[BlackElo "2617"]
[WhiteFideId "24101605"]
[BlackFideId "2026961"]
[EventDate "2022.11.13"]
[EventType "k.o."]

1. Nf3 Nf6 2. g3 g6 3. b3 Bg7 4. Bb2 O-O 5. Bg2 d6 6. d4 c5 7. c4 cxd4 8. Nxd4
d5 9. cxd5 Nxd5 10. O-O Nb4 11. Na3 N8c6 12. Nxc6 Nxc6 13. Bxg7 Kxg7 14. Qxd8
Rxd8 15. Bxc6 bxc6 16. Rfd1 Be6 17. Kf1 a5 18. Rxd8 Rxd8 19. Ke1 Ra8 20. Nb1 c5
21. Nd2 a4 22. bxa4 Rxa4 23. a3 Kf6 24. f3 Ke5 25. Ne4 Ra5 26. Kd2 Bd5 27. Nc3
Bb3 28. f4+ Kd6 29. Ne4+ Kc6 30. Kc3 Bd5 31. Nd2 Ra4 32. Kb2 f5 33. Kc3 1/2-1/2

[Event "chess.com SpeedChess Q2KO"]
[Site "chess.com INT"]
[Date "2022.11.13"]
[Round "2.3"]
[White "Xiong, Jeffery"]
[Black "Grischuk, Alexander"]
[Result "1-0"]
[WhiteTitle "GM"]
[BlackTitle "GM"]
[WhiteElo "2692"]
[BlackElo "2745"]
[WhiteFideId "2047640"]
[BlackFideId "4126025"]
[EventDate "2022.11.13"]
[EventType "k.o."]

1. c4 e5 2. Nc3 d6 3. g3 f5 4. Bg2 Nf6 5. d3 a5 6. Nf3 Be7 7. O-O O-O 8. Nd2 Qe8
9. e3 c6 10. a3 Be6 11. Rb1 Nbd7 12. b4 axb4 13. axb4 d5 14. b5 Qf7 15. bxc6
bxc6 16. cxd5 cxd5 17. Nf3 h6 18. Bb2 e4 19. Nd4 Nc5 20. dxe4 dxe4 21. f3 Bc4
22. Nxf5 Rad8 23. Nd4 Bxf1 24. Qxf1 Nd5 25. Nxd5 Qxd5 26. f4 Bf6 27. Bc3 Rfe8
28. Rb5 Rb8 29. h4 Kh8 30. Kh2 Red8 31. Ra5 Ra8 32. Qb5 Rxa5 33. Bxa5 Rc8 34.
Bc3 Qd7 35. Qb1 Ne6 36. Bh3 Rxc3 37. Bxe6 Qe8 38. Qxe4 Bxd4 39. exd4 Ra3 40. f5
Qb8 41. Qg2 Qb1 42. Kh3 Rc3 43. Qa8+ 1-0